La question pénitentiaire / (Record no. 163647)

MARC details
000 -LEADER
campo de control de longitud fija 00626nam a2200181 i 4500
001 - NÚMERO DE CONTROL
campo de control 163647
003 - IDENTIFICADOR DE NÚMERO DE CONTROL
campo de control ES-MaACL
005 - FECHA Y HORA DE LA ÚLTIMA TRANSACCIÓN
campo de control 20230906212800.0
008 - DATOS DE LONGITUD FIJA--INFORMACIÓN GENERAL
campo de control de longitud fija 990624q1872 fr |||| | fre d
100 1# - ENTRADA PRINCIPAL--NOMBRE DE PERSONA
Nombre de persona Robin, Elie.
9 (RLIN) 167550
245 13 - MENCIÓN DEL TÍTULO
Título La question pénitentiaire /
Mención de responsabilidad, etc. par E. Robin.
260 ## - PUBLICACIÓN, DISTRIBUCIÓN, ETC.
Lugar de publicación, distribución, etc. Paris :
Nombre del editor, distribuidor, etc. J. Bonhoure,
Fecha de publicación, distribución, etc. [1872]
300 ## - DESCRIPCIÓN FÍSICA
Extensión VIII, 294 p. ;
Dimensiones 23 cm.
596 ## - NOTA AL PIE DE IMPRENTA
NOTA AL PIE DE IMPRENTA Fecha probable, tomada del texto: 1872.
650 ## - PUNTO DE ACCESO ADICIONAL DE MATERIA--TÉRMINO DE MATERIA
Término de materia o nombre geográfico como elemento de entrada Derecho penitenciario-
Subdivisión geográfica Francia.
9 (RLIN) 141896
752 ## - ENTRADA AGREGADA--NOMBRE JERÁRQUICO DEL LUGAR
País o entidad superior Francia -
Ciudad París
852 ## - LOCALIZACIÓN
Ubicación ES-MaACL
Número de control de estantería D-136
Nota libre - Enc. hol.
-- . - Donativo Lastres, 1907
-- - Dedic. ms. para Francisco Lastres
Holdings
Estatus retirado Estado de pérdida Estado de daño No para préstamo Colección Biblioteca de origen Biblioteca actual Ubicación en estantería Fecha de adquisición Fuente de adquisición Total de préstamos Signatura topográfica completa Código de barras Visto por última vez Precio de reemplazo Tipo de ítem Koha
        Libros del s. XIX Biblioteca del Ateneo de Madrid Biblioteca del Ateneo de Madrid Sala Valle Inclán 17/01/2008     D-136 901171490 23/02/2023 23/02/2023 Libro impreso antiguo